| 000 | 00620nam a22001817a 4500 | ||
|---|---|---|---|
| 999 |
_c7776 _d7776 |
||
| 008 | 230921b ||||| |||| 00| 0 eng d | ||
| 020 | _a9788419292209 | ||
| 040 | _aCDMR | ||
| 100 |
_94882 _aCuyàs, Emmanuel |
||
| 245 |
_aEl Mataró de Cuyàs _b: retrat d'un temps a través del seu articulisme / _cManuel Cuyàs ; a cura de Neus Pinart i Bartolí ; pròleg de Joan Catà |
||
| 260 |
_aCassà de la Selva : _bGavarres, _c2023 |
||
| 300 | _a407 p. | ||
| 490 |
_aNarratives _v; 11 |
||
| 600 | 0 |
_94881 _aCuyàs, Emmanuel |
|
| 700 |
_94883 _aPinart i Bartolí, Neus |
||
| 700 |
_94884 _aCatà, Joan |
||
| 942 |
_2udc _cMON |
||